| 000 | 00882nam a2200265 i 4500 | ||
|---|---|---|---|
| 001 | 66583 | ||
| 003 | ES-MaACL | ||
| 005 | 20250831062853.0 | ||
| 007 | t| | ||
| 008 | 030923s2003 sp ||||0| spa d | ||
| 020 | _a84-460-1606-0 | ||
| 080 | _a27(4)"15/16" | ||
| 100 | 1 |
_aJones, Martin D. W. _966862 |
|
| 245 | 1 | 3 |
_aLa Contrarreforma _b: religión y sociedad en la Europa moderna / _cMartin D.W. Jones ; traducción, Federico Palomo del Barrio. |
| 260 |
_aTres Cantos (Madrid) : _bAkal, _c[2003] |
||
| 300 |
_a165 p. : _bil. ; _c22 cm. |
||
| 490 | 1 |
_aTemas de historia ; _v8 |
|
| 504 | _aBibliografía. | ||
| 610 | 2 | 4 |
_aIglesia Católica- _zEuropa- _yS.XV-XVI _94648 |
| 650 | 4 |
_aContrarreforma- _zEuropa. _911324 |
|
| 700 | 1 |
_aPalomo del Barrio, Federico. _988706 |
|
| 830 | 1 |
_aTemas de historia ; _v8 _9230817 |
|
| 852 |
_aES-MaACL _jL-27056 |
||
| 999 |
_c66583 _d66583 |
||